| 000 | 01115nam a22003257a 4500 | ||
|---|---|---|---|
| 003 | CHAP | ||
| 005 | 20220329135431.0 | ||
| 008 | 971013s1981 r 00010 d | ||
| 010 | _a36369 | ||
| 011 | _a37341 | ||
| 035 | _a41461 | ||
| 040 | _cCHAP | ||
| 082 |
_a631.44 _bO78 |
||
| 110 |
_aORSTOM _983755 |
||
| 245 | _aClasificación francesa de suelos (CPCS-1967) | ||
| 260 |
_aChapingo, Méx. : _bColegio de Postgraduados. Centro de Edafología, _c1981 |
||
| 300 | _a141 p. | ||
| 590 |
_aBATCH-UPD _b10 _c20130110 _lUCH01 _h2020 |
||
| 590 |
_aBATCH-UPD _b10 _c20130410 _lUCH01 _h1338 |
||
| 590 |
_aBATCH-UPD _b10 _c20130914 _lUCH01 _h1854 |
||
| 590 |
_aCONVERSION _b10 _c20130109 _lUCH01 _h1320 |
||
| 650 | 1 | 4 |
_aSuelos _xClasificación. _9110239 |
| 700 | 0 |
_aOrtiz Solorio, Carlos Alberto. _984067 |
|
| 700 | 0 |
_aTorres Guzmán, Jaime A. _9114127 |
|
| 901 | _aBK | ||
| 942 | _cLIBRO | ||
| 949 |
_a631.44 O78 _bBC _cLIBRO _d-95070 _eLIBRO _fc.2 _h57620 _i41461 _si |
||
| 949 |
_a631.44 O78 _bBC _cLIBRO _d33724000071890 _eLIBRO _h57619 _i41461 _si |
||
| 949 |
_a631.44 O78 _bBC _cLIBRO _d33724000218392 _eLIBRO _fc.3 _h59739 _i41461 _si |
||
| 999 |
_c36369 _d36369 |
||